| 000 | 01219cam a2200373 i 4500 | ||
|---|---|---|---|
| 999 |
_c56861 _d48978 |
||
| 001 | 56861 | ||
| 003 | TR-AnTOB | ||
| 005 | 20241106164037.0 | ||
| 007 | ta | ||
| 008 | 110621s2007 tu b 000 0 tur d | ||
| 020 | _a9789750206238 | ||
| 035 | _a(OCoLC)731942876 | ||
| 040 |
_aCANKA _beng _erda _cCANKA _dOCLCF _dOCLCO _dSULEY _dTR-AnTOB |
||
| 041 | 0 | _atur | |
| 049 | _aMAIN | ||
| 050 | 1 | 4 | _aKKX4050 |
| 090 |
_aKKX4050 _b.O93 2007 |
||
| 100 | 1 |
_aOzansü, Mehmet Cemil _eauthor _9121459 |
|
| 245 | 1 | 0 |
_aCeza hukukunda kasttan doğan sübjektif sorumuluk / _cMehmet Cemil Ozansü. |
| 250 |
_aBirinci baskı _bKasım- 2007 |
||
| 264 | 1 |
_aAnkara : _bSeçkin, _c2007. |
|
| 264 | 4 | _c©2007 | |
| 300 |
_a212 pages ; _c24 cm |
||
| 336 |
_atext _btxt _2rdacontent |
||
| 337 |
_aunmediated _bn _2rdamedia |
||
| 338 |
_avolume _bnc _2rdacarrier |
||
| 490 | 0 |
_aSeçkin Yayıncılık ; _aHukuk kitapları dizisi ; _v847 |
|
| 504 | _aIncludes bibliographical references (pages : [201]- 212). | ||
| 650 | 0 |
_aCezai sorumluluk _zTürkiye _9121486 |
|
| 650 | 7 |
_aCeza hukuku _zTürkiye _2etuturkob _948989 |
|
| 856 |
_uhttps://www.seckin.com.tr/kitap/491855858 _3Publisher web page |
||
| 942 |
_2lcc _cBK |
||